000 00567nam a2200181 i 4500
001 78998
003 ES-MaACL
005 20230906173856.0
007 t|
008 041019s1963 sp ||||1| spa d
100 1 _aKirst, Hans Hellmut.
_968145
245 1 3 _aLa tragedia del teniente Krafft
_b: novela /
_cHans Hellmut Kirst ; [traducción del alemán por Loly R. de Feigler].
260 _aBarcelona :
_bPlaneta,
_c[1963]
300 _a592 p. ;
_c24 cm.
700 1 _aFeigler , Loly R. de.
_9204922
852 _aES-MaACL
_jC-23386
_bR.51964
999 _c78998
_d78998